00472nam a2200157 a 450000500170000000800410001702000180005805000240007610000210010024500350012126000410015630000330019744000270023052100080025765000490026520140310183518.0110125s19uu xx 00 eng d a9781420502206 aRC 200.2b.D68 2010 aDougherty, Terri aSexually transmitted diseases. aNew York :bCengage Learning,c2010. a96 p. :bcol. ill. ;c26 cm. aDiseases and disorders aNUR aSexually transmitted diseases-Popular works.